banner koha

Plant growth, yield and fruit quality of Clementine mandarin selections under subtropical climate in Brazil (Registro n. 338954)

MARC details
000 -LÍDER
fixed length control field 05984nab a2200349 i 4500
003 - CÓDIGO MARC DA AGÊNCIA CATALOGADORA
Campo de controle BR-BrBNA
005 - DATA E HORA DA ÚLTIMA ATUALIZAÇÃO
Campo de controle 20251105154345.0
008 - CAMPO DE TAMANHO FIXO
fixed length control field 251105b2018 bl.|r|pooa||| 00| 0 eng |
040 ## - FONTE DA CATALOGAÇÃO
Agência catalogadora BR-BrBNA
Idioma da catalogação eng
072 ## - CATEGORIA AGRIS
Código AGRIS F30
Código do objeto 1050
072 ## - CATEGORIA AGRIS
Código AGRIS F01
100 ## - ENTRADA PRINCIPAL - NOME PESSOAL
Nome pessoal Silva, Simone Rodrigues da
100 ## - ENTRADA PRINCIPAL - NOME PESSOAL
Nome pessoal Girardi, Eduardo Augusto
100 ## - ENTRADA PRINCIPAL - NOME PESSOAL
Nome pessoal Santos, Magno Guimarães
100 ## - ENTRADA PRINCIPAL - NOME PESSOAL
Nome pessoal Cantuarias-Avilés, Tatiana Eugenia
100 ## - ENTRADA PRINCIPAL - NOME PESSOAL
Nome pessoal Stuchi, Eduardo Sanches
245 ## - TÍTULO PRINCIPAL
Título principal Plant growth, yield and fruit quality of Clementine mandarin selections under subtropical climate in Brazil
500 ## - NOTA GERAL
Nota geral <br/>Publicação online; 29 ref.; 3 tables; Summaries (En, Pt)
942 ## - ADDED ENTRY ELEMENTS (KOHA)
Koha item type Analítica
520 ## - NOTA DE RESUMO
Nota de conteúdo <br/><br/><br/>Abstract - In Brazil, few mandarin (Citrus reticulata, Blanco) cultivars are being currently exploited, limiting the availability of fresh fruit in the local market. This study was aimed to investigate the performance of 15 Clementine mandarin selections and 3 hybrids, seeking for alternative varieties for production under subtropical conditions. Fifteen Clementine selections, namely: ‘Oroval-SRA335’, ‘Tomatera-SRA535’, ‘Reina-SRA534’, ‘Bruno-SRA531’, ‘Nules-SRA389’, ‘Ragheb-SRA386’, ‘Oroval-Y45’, ‘2-Kr-Monreal’, ‘Commune-SRA88’, ‘Commune-SRA85’, ‘Caffin-SRA385’, ‘De Nules-VCR’, ‘Commune-SRA92’, ‘Clemenules-EECB128’ and ‘Marisol-EECB126’; three hybrids (‘Clemelin-IVIA335’, ‘Caçula-1’ and ‘Caçula-3’) and the standard commercial varieties ‘Ponkan’ and ‘Cravo’, grafted on ‘Swingle’ citrumelo [C. paradisi Mafad. cv. ‘Duncan’ x Poncirus trifoliata (L.) Raf.], were evaluated in Bebedouro, São Paulo State, Brazil, from 2004 to 2008. The experimental plot was planted in 2001 with the 20 genotypes disposed in a randomized block design, with three replications and two plants per plot. The ‘Cravo’ variety and the ‘Clemelin-IVIA335’ hybrid presented the smallest plant size. The selections ‘Cravo’, ‘Caffin-SRA385’, ‘Clemelin-IVIA335’, ‘Marisol-EECB126’ and ‘Ragheb-SRA386’ had the smallest cumulative yield. Fruits of ‘Caçula-1’ had the highest soluble solids content and those of ‘Caçula-3’ showed the highest juice content. Among the Clementine selections, ‘Bruno-SRA531’, ‘Clemenules-EECB128’, ‘De Nules-VCR’ and ‘Reina-SRA534’ reached earlier maturity. In terms of yield efficiency, ‘Ponkan’ trees performed similarly or outperformed the other selections, with larger fruits and earlier ripening. The ‘Reina-SRA534’ selection outstood due to its high fruit yield and quality, with medium fruit size and early bearing, while ‘De Nules VCR’ and ‘Tomatera-SRA535’ had high yield, low alternate-bearing and fine fruit quality, despite of their large plant size. Good performance of Clementine selections and hybrids encourages further studies on cultural practices for growing this group of mandarins under subtropical climatic conditions.<br/><br/><br/><br/>Index Terms: citrus, ripening season, fresh fruit.
520 ## - NOTA DE RESUMO
Nota de conteúdo <br/><br/><br/>Resumo - No Brasil, poucas cultivares de tangerineira (Citrus reticulata, Blanco) são exploradas atualmente, o que limita a oferta de frutas frescas no mercado. Este estudo avaliou o desempenho de 15 seleções e 3 híbridos de tangerineira Clementina, visando a buscar alternativas para produção em condições subtropicais. Quinze selecções de Clementina (‘Oroval-SRA335’, ‘Tomatera-SRA535’, ‘Reina-SRA534’, ‘BrunoSRA531’, ‘Nules-SRA389’, ‘Ragheb-SRA386’, ‘Oroval-Y45’, ‘2-Kr-Monreal’, ‘Commune-SRA88’, ‘Commune-SRA85’, ‘Caffin-SRA385’, ‘De Nules-VCR’, ‘Commune-SRA92’, ‘Clemenules-EECB128’ e ‘Marisol-EECB126’); três híbridos (‘Clemelin-IVIA335’, ‘Caçula-1’ e ‘Caçula-3’) e duas cultivares comerciais controle (‘Ponkan’ e ‘Cravo’), enxertadas em citrumelo ‘Swingle’ [C. paradisi Mafad. cv. ‘Duncan’ x Poncirus trifoliata (L.) Raf.], foram avaliadas no município de Bebedouro-SP, Brasil, de 2001 a 2008. O pomar experimental foi plantado em 2001, com os 20 genótipos dispostos em blocos ao acaso, com três repetições de duas plantas por parcela. O controle ‘Cravo’ e o híbrido ‘Clemelin-IVIA335’ apresentaram o menor vigor das plantas. As seleções ‘Cravo’, ‘Caffin-SRA385’, ‘Clemelin-IVIA335’, ‘Marisol-EECB126’ e ‘Ragheb-SRA386’ tiveram as menores produções acumuladas. Os frutos do híbrido ‘Caçula-1’ apresentaram o maior conteúdo de sólidos solúveis, e os do ‘Caçula-3’, o maior teor de suco. As seleções ‘Bruno-SRA531’, ‘Clemenules-EECB 128’, ‘De Nules-VCR’ e ‘Reina-SRA534’ atingiram o início de produção antes das demais seleções de Clementina. Em termos de eficiência produtiva, a variedade ‘Ponkan’ igualou-se ou até ultrapassou as seleções, com frutos maiores e de maturação precoce. A seleção ‘Reina-SRA534’ destacou-se pelos frutos de tamanho médio e precocidade de produção, enquanto ‘De Nules VCR’ e ‘Tomatera-SRA535’ apresentaram rendimento elevado, apesar do maior tamanho de planta. O bom desempenho das seleções e dos híbridos de Clementina deste estudo estimula a avaliação de práticas culturais para o cultivo desse grupo em clima subtropical.<br/><br/><br/><br/>Termos para indexação: cítrus, época de maturação, fruta fresca.
650 ## - ASSUNTO - THESAGRO
Cabeçalho tópico ou nome geográfico TANGERINA
650 ## - ASSUNTO - THESAGRO
Cabeçalho tópico ou nome geográfico SELEÇÃO
650 ## - ASSUNTO - THESAGRO
Cabeçalho tópico ou nome geográfico HÍBRIDO
650 ## - ASSUNTO - THESAGRO
Cabeçalho tópico ou nome geográfico CONDIÇÃO AMBIENTAL
650 ## - ASSUNTO - THESAGRO
Cabeçalho tópico ou nome geográfico MATURAÇÃO
650 ## - ASSUNTO - THESAGRO
Cabeçalho tópico ou nome geográfico PRÁTICA CULTURAL
650 ## - ASSUNTO - THESAGRO
Cabeçalho tópico ou nome geográfico PRODUTIVIDADE
773 0# - ENTRADA ANALÍTICA
Host Biblionumber 805
Registro do item 317035
Imprenta Jaboticabal-SP Sociedade Brasileira de Fruticultura 1978
Outro identificador 2024-3597
Título Revista Brasileira de Fruticultura (Brazil)
ISSN 0100-2945
Colação v. 40(4) p. 1-10; (2018)
Número de controle de registro Br2025004347
856 ## - ACESSO E ENDEREÇO ELETRÔNICO
Identificador uniforme de recurso - URI https://www.scielo.br/j/rbf/a/NQWZhwb495NWDrSbGCVZ6Cb/?format=pdf&lang=en

Nenhum exemplar disponível.

BINAGRI

Telefone: (61)3218-2567/2388/3357/2097 - binagri@agro.gov.br

Ministério da Agricultura e Pecuária , Esplanada dos Ministérios, Bloco D, Anexo B, Brasília/DF, CEP: 70.043-900